| 000 | 00772cam a2200253 i 4500 | ||
|---|---|---|---|
| 001 | 17759 | ||
| 003 | Mx-PuUPA | ||
| 005 | 20250714082248.0 | ||
| 008 | 140415s2010 ag gr 000 0 spa d | ||
| 020 | _a9789870315247 | ||
| 040 |
_aMx-PuUPA _bspa _cMx-PuUPA _dMx-PuUPA _erda |
||
| 041 | _aspa | ||
| 245 | 1 | 0 | _aContabilidad pasado, presente y futuro |
| 250 | _aPrimera edición | ||
| 264 | 1 |
_aBuenos Aires, Argentina : _bLa ley, _c©2010 |
|
| 300 |
_axxxiv, 787 páginas ; _c25 cm |
||
| 336 |
_2rdacontent _atexto _btxt |
||
| 337 |
_2rdamedia _asin medio _bn |
||
| 338 |
_2rdacarrier _avolumen _bnc |
||
| 490 | _aTeoría contable | ||
| 942 |
_2ddc _cLI _hxx _ixx |
||
| 999 |
_c17759 _d17759 |
||